| 000 | 00593nam a2200217Ia 4500 | ||
|---|---|---|---|
| 999 |
_c3796 _d3796 |
||
| 003 | 0100 | ||
| 008 | 130227s9999 xx 000 0 und d | ||
| 020 | _a2030360023 | ||
| 040 | _cARRUPELIB | ||
| 050 | _aB820.E78 | ||
| 245 | _aEssais de semiotique poetique | ||
| 245 | _bavec les etudes sur Apollinaire, Bataille, Baudelaire, Hugo, Jarry, Mallarme, Michaux, Nerval, Rimbaud, Roubaud | ||
| 260 |
_bLibraire Larousse _aParis _c1972 |
||
| 300 | _a238p | ||
| 300 | _b 21cm | ||
| 440 |
_aCollection L _933911 |
||
| 650 |
_aGeneral sematics _xAddresses _933912 |
||
| 700 |
_aGreimas, Algirdas Julien (ed) _933913 |
||
| 942 |
_2lcc _cMONOGRAPH |
||